Camerata de Coahuila : Ponce, Copland, Bartók, De Elías, Moncayo /

Manuel María Ponce (1882-1948), compositor mexicano nacido en Fresnillo, Zacatecas. Fundador del nacionalismo musical mexicano. En su producción musical destacan dos períodos: uno romántico, que viene a cerrar el capítulo de los compositores anteriores, y otro moderno, iniciado con su viaje a París...

Descripción completa

Guardado en:
Detalles Bibliográficos
Autor corporativo: Camerata de Coahuila (ejecución musical)
Otros autores: Jiménez, Rafael (ejecución musical) (ejecución musical), Shade, Ramón (dirección) (dirección), Ponce, Manuel M. (música) (música), Copland, Aaron (música) (música), Bartók, Béla (música) (música), Moncayo, José Pablo (música) (música), Elías, Manuel de (arreglos) (arreglos)
Formato: Audio
Publicado: Saltillo, México : Camerata de Coahuila : Gobierno del Estado de Coahuila, 2003, c2003
Temas:
Etiquetas: Agrega una etiqueta
Sin etiquetas, Sé el primero en etiquetar este registro!

MARC

LEADER 00000njm^a2200000^a^4500
001 000186870
005 20251020000000.0
009 20260310102240.408
037 |a Acervo ITESO - Biblioteca 
041 |a SON 
082 |a 784. 071  |b CAM 
110 |a Camerata de Coahuila  |e (ejecución musical) 
240 1 1 |a [Tres esbozos mexicanos] 
240 1 1 |a [Concierto del sur] 
240 1 1 |a [Danzas rumanas] 
240 1 4 |a [Homenaje a Cervantes, de José Pablo Moncayo] 
245 1 0 |a Camerata de Coahuila :  |b Ponce, Copland, Bartók, De Elías, Moncayo /  |c Ejecución musical de la Camerata de Coahuila ; guitarra R. Jiménez ; dir. de R. Shade ; arreglos de M. de Elías. 
264 4 |a Saltillo, México :  |b Camerata de Coahuila :  |b Gobierno del Estado de Coahuila,  |c 2003, c2003 
300 |a 1 disco compacto sonoro (54 min.) +  |e 1 folleto (24 p.) 
336 |a música interpretada  |b prm  |2 rdacontenido 
337 |a audio  |b s  |2 rdamedio 
338 |a disco sonoro  |b sd  |2 rdasoporte 
520 |a Manuel María Ponce (1882-1948), compositor mexicano nacido en Fresnillo, Zacatecas. Fundador del nacionalismo musical mexicano. En su producción musical destacan dos períodos: uno romántico, que viene a cerrar el capítulo de los compositores anteriores, y otro moderno, iniciado con su viaje a París de 1925. Premio Nacional de Artes y Ciencias de 1948. Estudió en la ciudad de México, en el Conservatorio Stern de Berlín, en Italia trabajó en composición con Marco Enrico Bossi, en París cursó estudios en la Ecole Normale de Marique con el compositor francés Paul Dukas. En la década de 1920, Ponce abandonó el suave estilo de salón vigente en México en aquella época y comenzó a servirse de un lenguaje impresionista con estructuras concisas y técnicas de contrapunto. Su obra abarca música orquestal, de cámara y de piano, así como de canciones, entre las que destaca Estrellita (1914); dos sonatas para violín y para violonchelo con piano, piezas para trío y 50 canciones populares. Las obras para guitarra, en especial Folias de España, así como los 24 preludios y las 5 sonatas, se han convertido en clásicos del repertorio moderno del instrumento. 
520 |a Las obras que la Camerata de Coahuila interpreta aquí pertenecen todas al nacionalismo musical. 
546 |a Edición bilingüe español-inglés (folleto) 
649 |a XX 
650 |a Músicos Mexicanos 
650 |a Músicos Húngaros 
650 |a Músicos Norteamericanos 
650 |a Artistas Mexicanos 
650 |a Artistas Húngaros 
650 |a Artistas Norteamericanos 
650 |a Nacionalismo en la Música -  |z México 
650 |a Nacionalismo en la Música -  |z Hungría 
650 |a Nacionalismo en la Música -  |z EUA 
650 |a Nacionalismo en el Arte -  |z México 
650 |a Nacionalismo en el Arte -  |z Hungría 
650 |a Nacionalismo en el Arte -  |z EUA 
650 |a Música Romántica -  |z México 
650 |a Música Romántica -  |z Hungría 
650 |a Música Romántica -  |z EUA 
650 |a Música de Concierto -  |z México 
650 |a Música de Concierto -  |z Hungría 
650 |a Música de Concierto -  |z EUA 
650 |a Música Mexicana -  |y Siglo XX 
650 |a Música Húngara -  |y Siglo XX 
650 |a Música Norteamericana -  |y Siglo XX 
650 |a Copland, Aaron 
650 |a Bartók, Béla 
650 |a Moncayo, José Pablo 
650 |a Jiménez, Rafael 
650 |a Shade, Ramón 
650 |a Camerata de Coahuila 
600 |a Ponce, Manuel M. 
700 |a Jiménez, Rafael  |e (ejecución musical) 
700 |a Shade, Ramón  |e (dirección) 
700 |a Ponce, Manuel M.  |e (música) 
700 |a Copland, Aaron  |e (música) 
700 |a Bartók, Béla  |e (música) 
700 |a Moncayo, José Pablo  |e (música) 
700 |a Elías, Manuel de  |e (arreglos) 
910 |a Fondo General 
920 |a Sonoros - CDs 
940 |a CDs de Música 
905 |a 401 
901 |a 0500128749  |b IT2  |c CDM  |u 20250521 
901 |a 0500128760  |b IT2  |c MIM  |u 20251020 
902 |a https://opac.biblio.iteso.mx/vufind/Record/000186870